Responses for show #1806 - Monday, June 8, 1992

Richard Kaplan game 3.

Contestants

Don Bouchoux, a military analyst from Great Falls, Virginia

Lucy Kendikian-Smith, a teacher and attorney originally from Mexico City, Mexico

Richard Kaplan, a lawyer from Los Angeles, California (whose 2-day cash winnings total $34,202)

Jeopardy! Round responses

THE 1940s
CYCLING
RECYCLING
COUNTRIES OF THE WORLD
SEWING
LAST NAME'S THE SAME
    $100 11
Mount Rushmore

Don
    $100 21
wheels

Richard
    $100 16
Yellow Pages (telephone book)

Lucy
    $100 1
Latvia

Don
    $100 26
cotton

Don
    $100 6
Carter

Don
    $200 12
18

Richard
    $200 22
(Lucy: What is hitting the brake, pushing the brake backwards, [*]?)

pushing the pedal back

Lucy
    $200 17
crushing them

Don
    $200 2
Hungary

Richard
    $200 27
baste

Lucy
    $200 7
Anderson

Richard
    $300 13
FCC

Lucy
    $300 23
1890s

Richard
    $300 18
cellophane (plastic)

Don
    $300 3
Morocco

Lucy
    $300 28
Peter Pan

Richard
    $300 8
Clark

Richard
    $400 14
Pakistan

Don
    $400 24
Tour de France

Don
    $400 19
mulch (compost)

Don
    $400 4
Norway

Richard
    $400 29
pleats

Richard
    $400 9
Davis

Richard
    $500 15
break the sound barrier

Richard
    $500 25
bicycle motocross

Triple Stumper
    $600 20
glass

Don
    $500 5
Argentina

Richard
    $500 30
bolt

Lucy
    $500 10
Hill

Richard

Scores at the first commercial break (after clue 15):

Richard Lucy Don
$3,200 $600 $700

Scores at the end of the Jeopardy! Round:

Richard Lucy Don
$4,300 $1,600 $2,700

Double Jeopardy! Round responses

RULERS
FRUITS & VEGETABLES
IN STATUARY HALL
RELIGION
MAMMALS
NONFICTION
    $200 3
(Don: Who is Catherine?)
(Alex: Be more specific.)

Catherine the Great

Don
    $200 8
corn

Don
    $200 10
Huey Long

Don
    $200 1
St. Patrick

Don
    $200 18
rhinoceros

Richard
    $200 21
Custer

Richard
    $400 4
Mary, Queen of Scots

Don
    $400 9
chard

Don
    $400 11
Junipero Serra

Don
    $400 2
Confucius

Richard
    $400 19
rhesus

Don
    $400 24
Cuba

Richard
    $600 5
John

Richard
    $600 28
cucumbers

Richard
    $600 12
Oklahoma

Don
    $600 15
Islam

Richard
    $3,000 20
(Don: What are monkeys?)

sheep

Don
    $600 25
J. Edgar Hoover

Richard
    $1,700 6
(Richard: Who is Cleopatra?)

Marc Antony

Richard
    $800 29
asparagus

Don
    $800 13
Roger Williams

Richard
    $800 16
Buddhism

Richard
    $800 22
Kodiak

Richard
    $800 26
(Lucy: What is Den of Liars?)

Thieves

RichardLucy
    $1000 7
(Don: Who is King Emmanuel?)

Victor Emmanuel

LucyDon
    $1000 30
(Lucy: What are lemons?)

citrus

RichardLucy
    $1000 14
Jefferson Davis

Don
    $1000 17
Brazil

Richard
    $1000 23
cetaceans

Richard
    $1000 27
Haldeman

Don

Scores at the end of the Double Jeopardy! Round:

Richard Lucy Don
$12,400 $800 $4,500
(lock game)

[wagering suggestions for these scores]

Final Jeopardy! Round responses

PRESIDENTIAL ELECTIONS
LucyWho is Teddy Roosevelt
$700
DonWho is George Wallace?
$2,800
RichardWho is Strom Thurmond
$3,000
Teddy Roosevelt

Final scores:

Richard Lucy Don
$9,400 $1,500 $1,700
3-day champion: $43,602 3rd place: Service Merchandise gift certificate 2nd place: trip to the Cayman Islands

Game dynamics:

Coryat scores:

Richard Lucy Don
$14,100 $800 $7,400
28 R,
1 W
(including 1 DD)
7 R,
2 W
22 R
(including 1 DD),
2 W
(including 1 DD)

Combined Coryat: $22,300

The J! Archive is created by fans, for fans. The Jeopardy! game show and all elements thereof, including but not limited to copyright and trademark thereto, are the property of Jeopardy Productions, Inc. and are protected under law. This website is not affiliated with, sponsored by, or operated by Jeopardy Productions, Inc. Join the discussion at JBoard.tv.